000 00967nam a2200277Ia 4500
003 OSt
005 20221005103810.0
006 a|||||r|||| 00| 0
007 ta
008 221004b |||||||| |||| 00| 0 hin d
020 _a9789382543855 (hbk)
_cINR 395.00
024 _a37334
037 _b63, 13/03/2018, P. K. Books
_cTextual
040 _aCRL
_cCRL
_bhin
041 _2hin
_ahin
082 _aO152,6N51w,1, Q7
100 _aकावेरी, ले.
245 0 _aटुकड़ा टुकड़ा जीवन
246 _aṬukaड़ā ṭukaड़ā jīvana
260 _aदिल्ली
_bईशा ज्ञानदीप भारत
_c2017
300 _a136पृ0
_ccm.
650 _a हिन्दी साहित्य
650 _aहिन्दी निबंध
942 _hO152,6N51w,1, Q7
_cTEXL
_2cc
999 _c1010949
_d1010949